Most Beautiful Cities in the World Quiz Stats

 Plays Quiz not verified by Sporcle

Also try: Flags of Africa
Challenge
Share
Tweet
Embed
Score 0/50 Timer 07:00
0 Plays Today
Country City % Correct
ItalyRome, Italy
95.4%
Czech RepublicPrague, Czech Republic
94.8%
FranceParis, France
92.5%
ItalyVenice, Italy
87.4%
SpainBarcelona, Spain
82.4%
AustriaVienna, Austria
82.2%
PortugalLisbon, Portugal
76.3%
TurkeyIstanbul, Turkey
75.9%
HungaryBudapest, Hungary
74.1%
AustraliaSydney, Australia
74.1%
NetherlandsAmsterdam, Netherlands
73.1%
ItalyFlorence, Italy
72.8%
CanadaVancouver, Canada
72.6%
IsraelJerusalem, Israel
72.1%
BrazilRio de Janeiro, Brazil
71.9%
GermanyMunich, Germany
71.9%
South AfricaCape Town, South Africa
70.1%
SwitzerlandBern, Switzerland
69.5%
SwedenStockholm, Sweden
69.2%
RussiaSaint Petersburg, Russia
68.5%
United StatesSan Francisco, California
63.9%
United KingdomEdinburgh, Scotland
59.5%
PolandKrakow, Poland
49.4%
EstoniaTallinn, Estonia
47.6%
FranceLyon, France
47.1%
Country City % Correct
ArgentinaBuenos Aires, Argentina
44.4%
MaltaValletta, Malta
42.4%
BelgiumBruges, Belgium
39.6%
AustriaSalzburg, Austria
37.7%
United StatesWashington D.C, United States
36.5%
SpainSeville, Spain
35.7%
JapanKyoto, Japan
35.1%
CanadaQuebec City, Canada
28.7%
CroatiaDubrovnik, Croatia
23.7%
AustriaInnsbruck. Austria
21.7%
PeruCusco, Peru
19.2%
SpainGranada, Spain
18.9%
GermanyDresden, Germany
15.2%
United KingdomBath, England
14.5%
BelgiumGhent, Belgium
14.5%
SwitzerlandLucerne, Switzerland
10.1%
SpainToledo, Spain
8.5%
IranEsfahan, Iran
7.2%
ColombiaCartagena, Colombia
6.2%
United StatesCharleston, South Carolina
6%
ItalySiena, Italy
5.9%
FranceAvignon, France
4.4%
GermanyHeidelberg, Germany
2.4%
IndiaUdaipur, India
1.1%
ChinaLijiang, China
0.2%

You're not logged in!

Compare scores with friends on all Sporcle quizzes.
OR
Log In

You Might Also Like...

Show Comments

Extras

Top Quizzes Today


Score Distribution

Your Account Isn't Verified!

In order to create a playlist on Sporcle, you need to verify the email address you used during registration. Go to your Sporcle Settings to finish the process.

Report this User

Report this user for behavior that violates our Community Guidelines.

Details: